000 00302nam a22001457a 4500
003 OSt
005 20160727222358.0
008 160622b xxu||||| |||| 00| 0 eng d
040 _cTEST
100 _9606
_aJoni
245 _aMichigan
260 _aZonderan
_b1979
_c212
300 _aJoni
942 _2ddc
_cBK
999 _c495
_d495